000 01004nmm a2200313 a 4500
001 ocm0002146803
003 TR-IsHL
005 20201028183856.0
008 190424s2015 tu tur
007 cr cn
020 _a9786056427343
035 _a2146803
_b(N$T)
050 0 4 _aHD59
_b.H35 2015
090 0 4 _aHD59
_b.H35 2015
245 1 0 _aHalkla ilişkiler perspektifinden sivil toplum
_h[electronic resource] /
_ceditör Emel Karayel Bilbil ; yayına hazırlayan Hakan Şahin
250 _a1. Baskı
260 _aİstanbul :
_bPales Yayınları,
_c2015
300 _a215 p.
650 4 _aSosyoloji
650 4 _aSociology
650 0 _aSivil toplum
650 0 _aCivil society
650 0 _aHalkla ilişkiler
650 0 _aPublic relations
650 7 _aBUSINESS & ECONOMICS / Public Relations
_2bisacsh
700 1 _aBilbil, Emel Karayel
700 1 _aŞahin, Hakan
856 4 0 _uhttp://search.ebscohost.com/login.aspx?direct=true&scope=site&db=e011xww&AN=2146803
999 _c20741
_d20741